Pays les plus proches de Norvège par deux premières lettres - Statistiques

Statistiques générales
  • Ce quiz a été pris 331 fois
  • Le résultat moyen est 15 sur 20
Statistiques - réponses
km pays % Correct
0 Suède
100%
0 Finlande
98%
820 France
93%
327 Allemagne
91%
0 Russie
91%
110 Danemark
89%
554 Estonie
88%
645 Lituanie
86%
575 Pologne
85%
599 Lettonie
84%
973 Islande
81%
293 Royaume-Uni
80%
494 Pays-Bas
78%
734 Belgique
76%
847 Irlande
76%
870 Luxembourg
59%
914 Biélorussie
49%
879 Tchéquie
31%
446 Groenland
13%
579 Îles Féroé
12%
Aucun quiz correspondant
Distribution des résultats
% des personnes avec chaque résultat
Percentile par nombre de réponses
Votre historique - résultats
Vous n’avez pas pris ce quiz